000 00450nam a2200145Ia 4500
008 100204s9999 xx 000 0 und d
082 _b4250
100 _aठकार अंजली
245 _aमन वढाय वढाय
260 _b"निशान्त प्रकाशन , पुणे"
_c1977
300 _a142
630 _aमन वढाय वढाय
730 _aमन वढाय वढाय
942 _cBOOK
999 _c449040
_d449037